Southville International School and Colleges
Your cart is empty.
  • Cart
  • Lists
    Public lists Eva Luna New books Lux_list list_1
    Your lists Log in to create your own lists
  • Log in to your account
  • Your cookies
  • Search history
Southville International School and Colleges
  • Advanced search
  • Recent comments
  • Most popular
  • Libraries

Log in to your account

Log in with GOOGLE


If you do not have an external account, but do have a local account, you can still log in:

  1. Home
  2. MARC view: The secret garden /
Normal view MARC view ISBD view

The secret garden / (Record no. 288135)

[ view plain ]
MARC details
000 -LEADER
fixed length control field 00580nam a2200181Ia 4500
008 - FIXED-LENGTH DATA ELEMENTS--GENERAL INFORMATION
fixed length control field 150610s9999 xx 000 0 und d
020 ## - INTERNATIONAL STANDARD BOOK NUMBER
International Standard Book Number 0486407845 (pbk.)
050 ## - LIBRARY OF CONGRESS CALL NUMBER
Classification number PZ7
Item number .B934Se 1999
100 ## - MAIN ENTRY--PERSONAL NAME
Personal name Burnett, Frances Hodgson, 1849-1924
245 #4 - TITLE STATEMENT
Title The secret garden /
Statement of responsibility, etc Frances Hodgson Burnett.
260 ## - PUBLICATION, DISTRIBUTION, ETC. (IMPRINT)
Place of publication, distribution, etc Mineola, N.Y. :
Name of publisher, distributor, etc Dover Publications,
Date of publication, distribution, etc 1999.
300 ## - PHYSICAL DESCRIPTION
Extent 247pages ;
Dimensions 21 cm.
520 ## - SUMMARY, ETC.
Summary, etc Fiction.
650 ## - SUBJECT ADDED ENTRY--TOPICAL TERM
Topical term or geographic name as entry element England
Topical term following geographic name as entry element Fiction.
650 ## - SUBJECT ADDED ENTRY--TOPICAL TERM
Topical term or geographic name as entry element Gardens
General subdivision Fiction.
650 ## - SUBJECT ADDED ENTRY--TOPICAL TERM
Topical term or geographic name as entry element People with disabilities
General subdivision Fiction.
650 ## - SUBJECT ADDED ENTRY--TOPICAL TERM
Topical term or geographic name as entry element Yorkshire (England)
Topical term following geographic name as entry element Fiction.
Holdings
Withdrawn status Lost status Damaged status Home library Current library Shelving location Date acquired Total Checkouts Full call number Barcode Date last seen Price effective from Koha item type
      Stonyhurst Southville International School (Batangas) Stonyhurst Southville International School (Batangas) High School Section 06/10/2015   PZ7.B934Se 1999 US-0795 06/10/2015 06/10/2015 Books

The secret garden /

APA

Burnett F. H. 1., . (1999). The secret garden. Mineola, N.Y: Dover Publications.

Chicago

Burnett Frances Hodgson 1849-1924, . 1999. The secret garden. Mineola, N.Y: Dover Publications.

Harvard

Burnett F. H. 1., . (1999). The secret garden. Mineola, N.Y: Dover Publications.

MLA

Burnett Frances Hodgson 1849-1924, . The secret garden. Mineola, N.Y: Dover Publications. 1999.

  • Place hold
  • Print
  • Cite
  • Add to your cart (remove)
  • Save record
    BIBTEX Dublin Core MARCXML MARC (non-Unicode/MARC-8) MARC (Unicode/UTF-8) MARC (Unicode/UTF-8, Standard) MODS (XML) RIS
  • More searches
    Search for this title in:
    Other Libraries (WorldCat) Other Databases (Google Scholar) Online Stores (Bookfinder.com) Open Library (openlibrary.org)

Exporting to Dublin Core...

SOUTHVILLE LIBRARY

Southville International School and Colleges Library

1281 Tropical Ave. Cor. Luxembourg St., BF Homes International, Las Pinas City

Tel. No. 8256374 / 252358 Loc. 117/146

Powered by Koha